000
00292nam a2200145Ia 4500
100
_a
Sharma/Pramod
942
_c
RB
654
_a
Social Studies
245
_a
Social Studies
260
_b
Asian Pub.
_a
Delhi
_c
1990
082
_a
302
_b
Sha
300
_a
260
546
_a
HINDI
999
_c
30497
_d
30497